000 00597nam a2200217 a 4500
001 23156
003 CO-ViMGA
008 141112s2004 ck r 000 u spa d
020 _a \ 9789708300148
040 _aCO-ViMGA
_bspa
_cCO-ViMGA
082 0 4 _a658.15 B375f
100 1 _aBesley, Scott.
_933358
245 1 0 _aFundamentos de administración financiera
250 _a14a. ed.
260 _aMéxico :
_bCengage Learning
300 _a819 p.
650 1 4 _aADMINISTRACION FINANCIERA
650 1 4 _aGESTION FINANCIERA
_933359
650 1 4 _aPLANIFICACION FINANCIERA
_933360
942 _2ddc
_cBK
999 _c31409
_d31409